[Event "Arco op 41st"]
[Site "Arco"]
[Date "2019.10.10"]
[Round "7"]
[White "Paul, Dietmar"]
[Black "Moro, Roberto"]
[Result "1-0"]
[WhiteElo "1804"]
[BlackElo "1675"]
[PlyCount "41"]
[EventDate "2019.10.04"]
[EventType "swiss"]
[EventRounds "9"]
[EventCountry "ITA"]
[SourceTitle "EXT 2020"]
[Source "ChessBase"]
[SourceDate "2019.10.17"]
[SourceVersion "1"]
[SourceVersionDate "2019.10.17"]
[SourceQuality "1"]

1. e4 c5 2. c3 d5 3. exd5 Qxd5 4. d4 cxd4 5. cxd4 Nc6 6. Nf3 Bg4 7. Be2 e6 8. a3 Nf6 9. Nc3 Qd7 10. 0-0 Be7 11. Be3 0-0 12. Rc1 Rac8 13. Re1 Rfd8 14. Ne5 Nxe5 15. dxe5 Qxd1 16. Bxd1 Bxd1 17. exf6 Bxf6 18. Rexd1 b6 19. Rxd8+ Rxd8 20. g3 h6 21. Rc2 1-0